Largest English Towns/Cities without a Football Club - Statistics

General Stats
  • This quiz has been taken 50 times
    32 since last reset
  • The average score is 6 of 25
Answer Stats
Population League Tier City/Town Team % Correct
104,757 Northern Counties East League Division One 10 Wakefield Wakefield A.F.C.
65%
146,667 National League North 6 Gloucester Gloucester City A.F.C.
38%
161,994 National League 5 York York City F.C.
38%
101,106 National League South 6 Bath Bath City F.C.
35%
116,997 National League South 6 Chelmsford Chelmsford City F.C.
35%
172,068 National League North 6 Warrington Warrington Town F.C.
35%
107,611 National League 5 Woking Woking F.C.
35%
117,626 National League South 6 Maidstone Maidstone United F.C.
31%
103,769 Midland Football League Premier Division 9 Worcester Worcester City F.C.
31%
164,046 National League South 6 Slough Slough Town F.C.
27%
114,329 Southern League Premier Division South 7 Basingstoke Basingstoke Town F.C.
23%
122,088 National League 5 Gateshead Gateshead F.C.
23%
105,402 National League 5 Oldham Oldham Athletic A.F.C.
23%
111,733 National League 5 Rochdale Rochdale A.F.C.
23%
158,762 Southern League Premier Division South 7 Poole Poole Town F.C.
19%
183,809 National League 5 Southend-on-Sea Southend United F.C.
19%
149,377 Southern League Premier Division Central 7 Telford A.F.C. Telford United
19%
114,212 National League South 6 Worthing Worthing F.C.
19%
101,849 National League South 6 Hemel Hempstead Hemel Hempstead Town F.C.
15%
127,289 National League 5 Solihull Solihull Moors F.C.
15%
104,641 North West Counties League Division One North 10 St Helens F.C. St Helens
15%
115,269 Isthmian League North Division 8 Basildon Basildon United F.C.
12%
113,646 National League South 6 Eastbourne Eastbourne Borough F.C.
12%
137,915 - - Sale Sale United F.C.
12%
108,330 Northern Premier League Division One Midlands 8 Sutton Coldfield Sutton Coldfield Town F.C.
8%
No matching quizzes found
Score Distribution
Percent of People with Each Score
Percentile by Number Answered
Your Score History
You have not taken this quiz since the last reset